Milk and Cookies - Melanie Martinez Lyrics - Statistics

General Stats
  • This quiz has been taken 687 times
  • The average score is 141 of 200
Answer Stats
Answer % Correct
I
94%
you
93%
me
91%
A
90%
a
90%
Do
90%
do
90%
for
89%
the
89%
cookies?
84%
to
84%
1
82%
2
82%
baby
82%
milk
82%
3
81%
4
81%
coming
81%
of
81%
sugar
80%
door
79%
I'm
79%
is
79%
little
79%
my
79%
your
79%
it
78%
5
77%
6
77%
7
76%
8
76%
just
76%
like
76%
poison
76%
made
75%
melatonin
75%
won't
75%
bit
74%
lots
74%
Ashes
73%
ashes
73%
too
73%
close
72%
need
72%
want
71%
with
71%
drink
70%
eye
70%
it's
70%
time
70%
crazy
69%
down
69%
getting
69%
late
69%
done
67%
fudging
67%
sleep
67%
but
66%
go
66%
honey
66%
so
66%
spoiled
66%
Hush
65%
now?
64%
they're
64%
Sing
63%
10
62%
9
62%
at
62%
die
62%
end
62%
bed
59%
prescription
59%
put
59%
11
58%
Can't
58%
days
58%
filled
58%
12
57%
anymore
57%
lullaby
57%
take
57%
where
57%
again
47%
never
47%
see
47%
well
45%
Ooh
43%
behind
42%
black
42%
pull
41%
sick
41%
off
40%
curtain
39%
Next
38%
Shit
38%
that
38%
think
35%
phone
33%
sugarcoatin'
32%
grab
31%
when
30%
fast
5%
around
3%
No matching quizzes found
Score Distribution
Percent of People with Each Score
Percentile by Number Answered
Your Score History
You have not taken this quiz